000 00453nam a2200193Ia 4500
008 090124s9999 xx 000 0 und d
020 _a81-7992-576-5
082 _b45972
100 _aSHARMA ROBBIN S.
245 _aTHE GREATNESS GUIDE
250 _a10
260 _c2007
300 _a221
600 _aSHARMA ROBBIN S.
630 _aTHE GREATNESS GUIDE
700 _aSHARMA ROBBIN S.
730 _aTHE GREATNESS GUIDE
942 _cBOOK
999 _c112229
_d112229